000 00443nam a2200205Ia 4500
008 210210b1950 xxu||||| |||| 00| 0 eng d
041 _aeng
082 _a822/1292
100 _a-
245 _aIdeals and beliefs of the victorians
260 _aLondon
_b-
_c1950
650 _avictorians
650 _athe
650 _aof
650 _aIdeals
650 _abeliefs
650 _aand
690 _aEnglish Prose
906 _a013474
999 _c132355
_d132355